Bilecik Bilecik Bilecik Bilecik Bilecik

Madde 22/ (Record no. 38363)

MARC details
000 -BAŞLIK
Sabit Uzunluktaki Kontrol Alanı 01037nam a22003617a 4500
001 - KONTROL NUMARASI
Control Dosyası 0038530
003 - KONTROL NUMARASI KİMLİĞİ
Kontrol Alanı KOHA_MİRAKIL
005 - EN SON İŞLEM TARİHİ ve ZAMANI
Kontrol Alanı 20260207003103.0
007 - FİZİKSEL TANIM SABİT ALAN - GENEL BİLGİ
Sabit uzunluklu kontrol alanı ta
008 - SABİT UZUNLUKTAKİ VERİ ÖGELERİ - GENEL BİLGİ
Sabit Alan 120919b2006 tu |||gr||||#0|||1|tur |
020 ## - ISBN - ULUSLARARASI STANDART KİTAP NUMARASI
Isbn 9752731813
040 ## - KATALOGLAMA KAYNAĞI
Özgün Kataloglama Kurumu TR-BiSEU
Kataloglama Dili tur
Çeviri Kurumu TR-BiSEU
Açıklama Kuralları rda
041 0# - DİL KODU
Metin ya da ses kaydının dil kodu tur
044 ## - YAYINLAYAN/ÜRETEN KURULUŞUN ÜLKE KODU
ISO country code tu
050 ## - SINIFLAMA ve YER NUMARASI
Sınıflama Numarası PS3558.E47
Yer Numarası M33 2006
100 1# - KİŞİ ADI
Yazar Adı (Kişi adı) Heller, Joseph.
240 10 - TEK BİÇİM BAŞLIK
Language of a work Türkçe
245 1# - ESER ADI BİLDİRİMİ
Başlık Madde 22/
Sorumluluk Bildirimi Joseph Heller ; Joseph Heller; çeviren Niran Elçi.
264 #1 - ÜRERİM, YAYIN, DAĞITIM ve TELİF BİLDİRİMİ
Yayın yeri İstanbul :
Yayınlayan İthaki
Yayın tarihi 2006
300 ## - FİZİKSEL TANIMLAMA
Sayfa, Cilt vb. 618 sayfa; 22 cm.
336 ## - İÇERİK TÜRÜ
Content type term metin
Content type code txt
Source rdacontent
337 ## - MEDYA TÜRÜ
Media type term aracısız
Media type code n
Source rdamedia
338 ## - TAŞIYICI TÜRÜ
Carrier type term cilt
Carrier type code nc
Source rdacarrier
490 1# - DİZİ BİLDİRİMİ
Dizi Bildirimi İthaki Yayınları ;
Cilt Numarası 447.
490 1# - DİZİ BİLDİRİMİ
Dizi Bildirimi Edebiyat ;
Cilt Numarası 361.
500 ## - GENEL NOT
Genel Not Özgün adı: Catch 22.
650 #0 - KONU BAŞLIĞI EK GİRİŞ - KONU TERİMİ
Konusal terim veya coğrafi ad Romanlar--Türkiye.
9 (RLIN) 71952
650 #0 - KONU BAŞLIĞI EK GİRİŞ - KONU TERİMİ
Konusal terim veya coğrafi ad World War, 1939-1945--Fiction.
9 (RLIN) 19745
830 1# - SERİ EK GİRİŞİ - TEKBİÇİM ESER ADI
Tekbiçim Başlık İthaki Yayınları ;
Volume number/sequential designation 447.
9 (RLIN) 71953
830 1# - SERİ EK GİRİŞİ - TEKBİÇİM ESER ADI
Tekbiçim Başlık Edebiyat ;
Volume number/sequential designation 361.
9 (RLIN) 5879
907 ## - LOCAL DATA ELEMENT G, LDG (RLIN)
a Roman
942 ## - EK GİRİŞ ÖGELERİ (KOHA)
Source of classification or shelving scheme Library of Congress Classification
Koha item type Book
Holdings
Materyal Türü Kalıcı Konum Mevcut Konum Raf Yeri Sınıflandırma Kaynağı Edinim Bilgisi Ana Konular Alt Konular Yer Numarası Demirbaş Numarası Fatura Tarihi Geri Çekilme Durumu Kayıp Durumu Hasarlı Durumu Kredi için değil Kayıt Tarih Toplam Ödünçverme Son Görülme Tarihi Son Kontrol Tarihi Genel / Bağış Notu
Book Prof. Dr. Azmi Özcan Kütüphanesi Prof. Dr. Azmi Özcan Kütüphanesi Birûni Salonu Library of Congress Classification Bağış DİL VE EDEBİYAT Amerikan Edebiyatı PS3558.E47 M33 2006 0038530 02/02/2026         19/09/2012 13 05/12/2024 05/12/2024 Genel Bağış